Harry Potter: le Terrier - Statistiques

Statistiques générales
  • Ce quiz a été pris 128 fois
  • Le résultat moyen est 24 sur 29
Statistiques - réponses
Information Réponse % Correct
Première apparition Harry Potter et la Chambre des Secrets
100%
Derniere apparition Harry Potter et les Reliques de la Mort
100%
Résident Bill Weasley
97%
Résident Fred Weasley
97%
Résident George Weasley
97%
Résident Ron Weasley
97%
Pays Royaume-Uni
97%
Nation Angleterre
96%
Résident Arthur Weasley
96%
Résidente Ginny Weasley
96%
Résidente Molly Weasley
96%
Résident Charlie Weasley
94%
Son « rat » Croutard
94%
Résident Percy Weasley
93%
Etage de la chambre de la seule fille 1er étage
88%
Etage de la chambre du 3e plus vieux 2e étage
88%
Etage de la chambre des jumeaux 2e étage
88%
Etage de la chambre des parents 4e étage
88%
Etage de la chambre du dernier fils 5e étage
88%
Etage de la chambre des 2 ainés 3e étage
87%
Fonction Habitation
86%
Son hibou Coquecigrue
84%
Leur hibou à tous Errol
83%
Son boursouflet Arnold
80%
Son hibou Hermès
79%
Résident (non humain) Goule
53%
Résidents (non humain) Gnomes
42%
Ville Loutry-Ste-Chaspoule
30%
Région Devon
13%
Aucun quiz correspondant
Distribution des résultats
% des personnes avec chaque résultat
Percentile par nombre de réponses
Votre historique - résultats
Vous n’avez pas pris ce quiz